Русско-английский и англо-русский словарь по системе С. Флеминг: более 40000 слов и словосочетаний

Bibliografiset tiedot
Muut tekijät: Флеминг С. Светлана (прочие)
Kieli:venäjä
englanti
Julkaistu: СПб., Victory, 2009
Aiheet:
Aineistotyyppi: Kirja
KOHA link:https://koha.lib.tpu.ru/cgi-bin/koha/opac-detail.pl?biblionumber=334221

MARC

LEADER 00000nam0a2200000 4500
001 334221
005 20231102004631.0
010 |a 9785891739598  |b (в пер.) 
035 |a (RuTPU)RU\TPU\book\360250 
035 |a RU\TPU\book\240152 
090 |a 334221 
100 |a 20170713d2009 m y0rusy5002 ca 
101 0 |a rus  |a eng 
102 |a RU 
105 |a y e 000zy 
200 1 |a Русско-английский и англо-русский словарь по системе С. Флеминг  |e более 40000 слов и словосочетаний  |f С. Флеминг 
210 |a СПб.  |c Victory  |d 2009 
215 |a 732 с. 
606 1 |a Английский язык  |x Параллельные словари  |2 stltpush  |3 (RuTPU)RU\TPU\subj\29064  |9 52476 
610 1 |a лексика 
610 1 |a словари 
610 1 |a параллельные словари 
686 |a Ш143.21-48  |v LBC/SL-A  |2 rubbk 
702 1 |a Флеминг  |b С.  |g Светлана  |4 570 
801 0 |a RU  |b 63413507  |c 20050607  |g PSBO 
801 1 |a RU  |b 63413507  |c 20060224  |g PSBO 
801 2 |a RU  |b 63413507  |c 20221212  |g PSBO 
942 |c BK